000 00385nam a2200157Ia 4500
005 20240807062047.0
008 240806s9999||||xx |||||||||||||| ||eng||
041 _aeng
082 _a891.433
_bMINH
100 _aRajat Rani (Meenu{Rpara}
245 0 _aHam koun hai /
_cRajat Rani (Meenu{Rpara}
260 _bVani Prakashan New Delhi
300 _a124
650 _aHindi
942 _cBK
999 _c7198
_d7198